000 01601cam a2200385 a 4500
999 _c174522
_d174522
001 117707
003 Nust
005 20170131104155.0
008 990510s1997 vauab c 000 1 eng
010 _a 97075282
020 _a8172248946
035 _a(DLC) 97075282
040 _aDLC
_cDLC
042 _alcac
050 0 0 _aPZ7.D36
_bLi 1997
_aPR3403
082 0 0 _a823
_bDEF
100 1 _aDefoe, Daniel,
_d1661?-1731.
240 1 0 _aRobinson Crusoe
245 1 4 _aThe life and adventures of Robinson Crusoe /
_cby Daniel Defoe ; [illustrations adapted from original illustrations by Louis and Frederick Rhead].
260 _aCharlottesville, Va. :
_bCore Knowledge Foundation,
_c1997.
300 _a181 p. :
_bill., map ;
_c20 cm.
440 0 _aCore classics
500 _a"Robinson Crusoe"--Cover.
500 _a"Daniel Defoe's classic abridged for young readers ; introduction by E.D. Hirsch, Jr."--Cover.
520 _aDuring one of his several adventurous voyages in the 1600s, an Englishman becomes the sole survivor of a shipwreck and lives for nearly thirty years on a deserted island.
650 0 _aCrusoe, Robinson (Fictitious character)
_vJuvenile fiction.
650 1 _aShipwrecks
_vFiction.
650 1 _aSurvival
_vFiction.
655 7 _aAdventure fiction.
_2gsafd
700 1 _aRhead, Louis,
_d1857-1926,
_eill.
700 1 _aRhead, F. A.
_q(Frederick Alfred),
_d1855--
_eill.
906 _a7
_bcbc
_corignew
_d3
_eopcn
_f19
_gy-gencatlg
942 _2ddc
_cBK